[Event "PHI-ch sf"]
[Site "Manila"]
[Date "2014.??.??"]
[Round "6"]
[White "Busa, Nelson Jr"]
[Black "Figuerres, Eduardo"]
[Result "0-1"]
[WhiteElo "1955"]
[BlackElo "2130"]
[PlyCount "84"]
[EventDate "2014.03.??"]
[EventType "swiss"]
[EventRounds "9"]
[EventCountry "PHI"]
[SourceTitle "EXT 2016"]
[Source "ChessBase"]
[SourceDate "2015.10.08"]
[SourceVersion "1"]
[SourceVersionDate "2015.10.08"]
[SourceQuality "1"]

1. Nf3 d6 2. d4 Nd7 3. g3 Ngf6 4. Bg2 g6 5. 0-0 Bg7 6. c4 0-0 7. Nc3 e5 8. h3 c6 9. e4 Re8 10. Re1 Qb6 11. c5 dxc5 12. dxe5 Nxe5 13. Nxe5 Rxe5 14. f4 Re8 15. Qc2 Qc7 16. e5 Nd5 17. Ne4 b6 18. a3 Bf5 19. Qf2 Bf8 20. g4 Bxe4 21. Bxe4 c4 22. Kh1 Rad8 23. Bd2 Bc5 24. Qe2 b5 25. Rad1 Qe7 26. Bg2 Qh4 27. Qf3 Ne7 28. Ba5 Bb6 29. Bc3 Nd5 30. f5 Nxc3 31. Qxc3 Bd4 32. Qd2 Bf2 33. Qe2 Bxe1 34. Rxe1 Rd3 35. e6 fxe6 36. fxe6 Rd6 37. e7 Qf6 38. Qe4 Qxb2 39. Qe3 Qf6 40. Qxa7 Re6 41. Rf1 Qxe7 42. Qb6 Re1 0-1

[Event "PHI-ch sf"]
[Site "Manila"]
[Date "2014.??.??"]
[Round "7"]
[White "Figuerres, Eduardo"]
[Black "Fagon, Romy"]
[Result "1-0"]
[WhiteElo "2130"]
[BlackElo "2055"]
[PlyCount "53"]
[EventDate "2014.03.??"]
[EventType "swiss"]
[EventRounds "9"]
[EventCountry "PHI"]
[SourceTitle "EXT 2016"]
[Source "ChessBase"]
[SourceDate "2015.10.08"]
[SourceVersion "1"]
[SourceVersionDate "2015.10.08"]
[SourceQuality "1"]

1. e4 g6 2. d4 Bg7 3. Nc3 d6 4. Be2 Nc6 5. d5 Nb8 6. g4 c6 7. h4 h6 8. Be3 e5 9. dxe6 Bxe6 10. Qd2 Ne7 11. f4 d5 12. 0-0-0 Qa5 13. Bd4 f6 14. g5 Nd7 15. f5 gxf5 16. Bh5+ Kd8 17. exd5 Nxd5 18. Nge2 c5 19. Bxf6+ Bxf6 20. gxf6 N5xf6 21. Nf4 Bc4 22. Rhe1 Kc8 23. Bg6 Rd8 24. Bxf5 Ba6 25. Qd6 Qc7 26. Qxf6 Qxf4+ 27. Kb1 1-0